000 04321cam a22005777i 4500
999 _c11286
_d11286
001 22304801
003 GZU
005 20240520102122.0
008 211109t20202020moua b 001 0 eng d
010 _a 2018963457
015 _aGBB932439
_2bnb
016 7 _a019258851
_2Uk
020 _a9780323544801
_q(paperback)
020 _a0323544800
_q(paperback)
020 _z9780323635875
_q(Mobipocket electronic book)
022 _a.
035 _a(OCoLC)on1088907465
040 _aUKMGB
_beng
_cUKMGB
_erda
_dOCLCO
_dEEM
_dVET
_dOCLCO
_dIBI
_dOCLCF
_dYDX
_dUKOBU
_dQX7
_dOCLCQ
_dOCLCA
_dJYJ
_dOCLCA
_dEZ9
_dGPRCL
_dIL4J6
_dEQF
_dBDX
_dOCLCO
_dUKEHC
_dDLC
042 _alccopycat
050 0 0 _aRT86.3
_b.ARN 2020
100 1 _aArnold, Elizabeth,
_eauthor.
245 1 0 _aInterpersonal relationships :
_bprofessional communication skills for nurses /
_cElizabeth C. Arnold, Kathleen Underman Boggs
250 _aEighth edition.
264 1 _aSt. Louis, Missouri :
_bElsevier,
_c[2020]
264 4 _c©2020
300 _axii, 541 pages :
_billustrations ;
_c24 cm
336 _atext
_btxt
_2rdacontent
336 _astill image
_bsti
_2rdacontent
337 _aunmediated
_bn
_2rdamedia
338 _avolume
_bnc
_2rdacarrier
500 _aPrevious edition: St. Louis: Elsevier, 2016.
504 _aIncludes bibliographical references and index.
505 0 _aHistorical perspectives and contemporary dynamics -- Clarity and safety in communication -- Professional guides for nursing communication -- Clinical judgment: critical thinking and ethical decision making -- Developing patient-centered communication skills -- Variation in communication styles -- Intercultural communication -- Communicating in groups -- Self-concept in professional interpersonal relationships -- Developing patient-centered therapeutic relationships -- Bridges and barriers in therapeutic relationships -- Communicating with families -- Resolving conflicts between nurse and patient -- Communication strategies for health promotion and disease prevention -- Communication in health teaching and coaching -- Communication in stressful situations -- Communicating with patients experiencing communication deficits -- Communicating with children -- Communicating with older adults -- Communicating with patients in crisis -- Communication approaches in palliative care -- Role relationship communication within nursing -- Interprofessional communication -- Communicating for continuity of care -- e-Documentation in health information technology systems -- m-Health and communication technology.
520 _aNow more than ever, effective communication skills are key for successful patient care and positive outcomes. "Interpersonal Relationships: Professional Communication Skills for Nurses, 8th Edition" helps you to develop skills in communicating effectively with clients, families, and colleagues in order to achieve treatment goals in health care. Using clear, practical guidelines, it shows how to enhance the nurse-client relationship through proven communication strategies as well as principles drawn from nursing, psychology, and related theoretical frameworks. The 8th edition includes engaging new content relating to current issues, while also emphasizing interdisciplinary communication and QSEN competencies. You will learn how to apply theory to real-life practice through case studies, interactive exercises, and evidence-based practice studies. -- From product description.
650 0 _aNurse and patient.
650 0 _aInterpersonal communication.
650 0 _aInterprofessional relations.
650 2 _aInterpersonal Relations.
650 2 _aNurses.
650 7 _aHealth and Fitness.
_2eflch
650 7 _aInterpersonal communication.
_2fast
_0(OCoLC)fst00977344
650 7 _aInterprofessional relations.
_2fast
_0(OCoLC)fst00977474
650 7 _aNurse and patient.
_2fast
_0(OCoLC)fst01041457
650 7 _aNurse and patient.
_2nli
650 7 _aInterpersonal communication.
_2nli
650 7 _aHealth and Wellbeing.
_2ukslc
700 1 _aBoggs, Kathleen Underman,
_eauthor.
776 0 8 _iEbook version :
_z9780323635875
942 _2lcc
_cBK
_eEighth edition
_h86.3
_iARN
_kRT